UBT Library

Hospital materiel management / (Record no. 41379)

000 -LEADER
fixed length control field 00599pam a2200229 i 4500
001 - CONTROL NUMBER
control field 3209701
005 - DATE AND TIME OF LATEST TRANSACTION
control field 20180131072333.0
008 - FIXED-LENGTH DATA ELEMENTS--GENERAL INFORMATION
fixed length control field 780718s1978 mdua b 001 0 eng
010 ## - LIBRARY OF CONGRESS CONTROL NUMBER
LC control number 78014526
020 ## - INTERNATIONAL STANDARD BOOK NUMBER
International Standard Book Number 0894430467
040 ## - CATALOGING SOURCE
Original cataloging agency DLC
Transcribing agency DLC
Modifying agency DLC
041 ## - LANGUAGE CODE
Language code of text/sound track or separate title eng
060 ## - NATIONAL LIBRARY OF MEDICINE CALL NUMBER
Classification number WX150.3 H842h
080 ## - UNIVERSAL DECIMAL CLASSIFICATION NUMBER
Universal Decimal Classification number 658.7 CHA
082 00 - DEWEY DECIMAL CLASSIFICATION NUMBER
Classification number 658.7 CHA
100 1# - Rafti
Rafti 54
101 ## - Shkurtesa
Shkurtesa MAN
245 10 - TITLE STATEMENT
Title Hospital materiel management /
Statement of responsibility, etc Charles E. Housley.
504 ## - BIBLIOGRAPHY, ETC. NOTE
Bibliography, etc Includues bibliographical references and index.
906 ## - LOCAL DATA ELEMENT F, LDF (RLIN)
a 7
b cbc
c orignew
d 1
e ocip
f 19
g y-gencatlg
942 ## - ADDED ENTRY ELEMENTS (KOHA)
Source of classification or shelving scheme
Item type Books
Holdings
Withdrawn status Lost status Source of classification or shelving scheme Damaged status Not for loan Collection code Permanent location Current location Shelving location Date acquired Total Checkouts Full call number Barcode Date last seen Price effective from Koha item type
          Koleksioni i përgjithshem UBT - Lipjan UBT - Lipjan Koleksioni i përgjithshem 01/31/2018   658.7 CHA 002-2998004 01/31/2018 01/31/2018 Books
UBT Library © 2015-2024. All rights reserved University Education for Business and Technology